Geodézia pre stavebné smery I.časť : Základy geodézie.Vyrovnávací počet.Polohové meranie.

Gespeichert in:
Bibliographische Detailangaben
1. Verfasser: Gál, Pavel (Verfasst von)
Format: Buch
Sprache:Slowakisch
Veröffentlicht: Bratislava : SVŠT v Bratislave, 1975
Ausgabe:2.vyd. - 1.dotlač
Tags: Tag hinzufügen
Keine Tags, Fügen Sie das erste Tag hinzu!

MARC

LEADER 00000nam a22000003a 4500
001 stu92182
005 20150617225622.6
008 050105s1975----cs------------------slo-d
040 |a STU  |b slo 
041 0 |a slo 
044 |a cs 
080 |a 528.5/.7 
100 1 |a Gál, Pavel  |4 aut 
245 1 |a Geodézia pre stavebné smery I.časť :  |b Základy geodézie.Vyrovnávací počet.Polohové meranie. 
250 |a 2.vyd. - 1.dotlač 
260 |a Bratislava :  |b SVŠT v Bratislave,  |c 1975 
300 |a 305 s 
996 |b 284V024893  |c V*1522/S-76  |l VVS  |s A  |a 24  |w stu92182_0001 
996 |b 284V024894  |c V*1523/S-76  |l VVS  |s A  |a 24  |w stu92182_0002 
996 |b 284V024701  |c V*1201/S-76  |l VVS  |s A  |a 24  |w stu92182_0003